LEADER 01270cam0-2200385---450- 001 990009757660403321 005 20141118163239.0 010 $a978-88-204-0309-6 035 $a000975766 035 $aFED01000975766 035 $a(Aleph)000975766FED01 035 $a000975766 100 $a20130902d2012----km-y0itay50------ba 101 0 $aita 102 $aIT 105 $aa-------001yy 200 1 $a<>sociologo, le sirene e le pratiche di integrazione$fa cura di Costantino Cipolla, Antonio de Lillo, Elisabetta Ruspini 210 $aMilano$cFrancoAngeli$d2012 215 $a384 p.$cill., tab.$d23 cm 225 1 $aLaboratorio Sociologico$eTeoria, Epistemologia, Metodo$v64 320 $aContiene rif. bibliogr 610 0 $aRicerca sociale$aAspetti qualitativi$aAspetti quantitativi 676 $a300.723$v22$zita 702 1$aCipolla,$bCostantino$f<1946- > 702 1$aDe Lillo,$bAntonio$f<1941- > 702 1$aRuspini,$bElisabetta$f<1964- > 801 0$aIT$bUNINA$gREICAT$2UNIMARC 901 $aBK 912 $a990009757660403321 952 $aCollez. 1814 (64)$b50587$fFSPBC 952 $a300.723 CIP 4$fBFS 959 $aBFS 959 $aFSPBC 996 $aSociologo, le sirene e le pratiche di integrazione$9834300 997 $aUNINA LEADER 04128nam 2200877 450 001 9910502674903321 005 20221227205713.0 010 $a1-00-317283-0 010 $a1-000-47951-X 010 $a1-003-17283-0 035 $a(CKB)5600000000021838 035 $a(NjHacI)995600000000021838 035 $a(oapen)https://directory.doabooks.org/handle/20.500.12854/72218 035 $a(MiAaPQ)EBC7245670 035 $a(Au-PeEL)EBL7245670 035 $a(EXLCZ)995600000000021838 100 $a20221227d2022 uy 0 101 0 $aeng 135 $aur||||||||||| 181 $ctxt$2rdacontent 182 $cc$2rdamedia 183 $acr$2rdacarrier 200 00$aGood governance in sport $ecritical reflections /$fedited by Arnout Geeraert, Frank van Eekeren 205 $aFirst edition. 210 $cTaylor & Francis$d2022 210 1$aNew York :$cRoutledge,$d[2022] 210 4$dİ2022 215 $a1 online resource (xviii, 262 pages) 225 1 $aRoutledge research in sport business and management 311 $a1-03-200122-4 320 $aIncludes bibliographical references and index. 327 $aIntroduction: The need for critical reflection on good governance in sport / Arnout Geeraert -- Part 1. Critical Reflections on Theoretical Perspectives -- Part 2. Critical Reflections on Policies and Practices. Section A: Insider Perspectives -- Section B: Academic Reflections. 330 $a"This book fills an important gap in the sport governance literature by engaging in critical reflection on the concept of 'good governance'. It examines the theoretical perspectives that lead to different conceptualisations of governance and, therefore, to different standards for institutional quality. It explores the different practical strategies that have been employed to achieve the implementation of good governance principles. The first part of the book aims to shed light on the complexity and nuances of good governance by examining theoretical perspectives including leadership, value, feminism, culture and systems. The second part of the book has a practical focus, concentrating on reform strategies, from compliance policies and codes of ethics to external reporting and integrity systems. Together, these studies shed important new light on how we define and understand governance, and on the limits and capabilities of different methods for inducing good governance. With higher ethical standards demanded in sport business and management than ever before, this book is important reading for all advanced students and researchers with an interest in sport governance and sport policy, and for all sport industry professionals looking to improve their professional practice"-- Provided by publisher. 410 0$aRoutledge research in sport business and management. 517 $aGood Governance in Sport 606 $aSports administration 610 $aArnout Geeraert 610 $aaccountability 610 $acapacity building 610 $acompliance 610 $aconsultancy 610 $acorruption 610 $ademocratic process 610 $adiversity 610 $aethical codes 610 $aethics 610 $aFrank van Eekeren 610 $afeminist 610 $agood governance 610 $ainclusion 610 $aintegrity 610 $aleadership 610 $alegitimacy 610 $anational governing bodies 610 $anational sport organisations 610 $aorganizations 610 $apublic values 610 $areporting 610 $asocial exchange 610 $asocial identity 610 $asocial learning 610 $asport governance 610 $asport management 610 $asport policy 610 $atransparency 615 0$aSports administration. 676 $a796.069 700 $aGeeraert$b Arnout$4edt$0786984 702 $aGeeraert$b Arnout$f1987- 702 $aEekeren$b Frank van 801 0$bNjHacI 801 1$bNjHacl 906 $aBOOK 912 $a9910502674903321 996 $aGood governance in sport$93361126 997 $aUNINA LEADER 04374nam 2200757z- 450 001 9910557142603321 005 20210501 035 $a(CKB)5400000000040632 035 $a(oapen)https://directory.doabooks.org/handle/20.500.12854/68267 035 $a(oapen)doab68267 035 $a(EXLCZ)995400000000040632 100 $a20202105d2021 |y 0 101 0 $aeng 135 $aurmn|---annan 181 $ctxt$2rdacontent 182 $cc$2rdamedia 183 $acr$2rdacarrier 200 00$aHigh-Efficiency Crystalline Silicon Solar Cells 210 $aBasel, Switzerland$cMDPI - Multidisciplinary Digital Publishing Institute$d2021 215 $a1 online resource (90 p.) 311 08$a3-03943-629-5 311 08$a3-03943-630-9 330 $aThis book is composed of 6 papers. The first paper reports a novel technique for the selective emitter formation by controlling the surface morphology of Si wafers. Selective emitter (SE) technology has attracted renewed attention in the Si solar cell industry to achieve an improved conversion efficiency of passivated-emitter rear-contact (PERC) cells. In the second paper, the temperature dependence of the parameters was compared through the PERC of the industrial-scale solar cells. As a result of their analysis, PERC cells showed different temperature dependence for the fill factor loss as temperatures rose. The third paper reports the effects of carrier selective front contact layer and defect state of hydrogenated amorphous silicon passivation layer/n-type crystalline silicon interface. The results demonstrated the effects of band offset determined by band bending at the interface of the passivation layer and carrier selective front contact layer. In addition, the nc-SiOx: H CSFC layer not only reduces parasitic absorption loss but also has a tunneling effect and field-effect passivation. The fourth paper reports excimer laser annealing of hydrogenated amorphous silicon film for TOPCon solar cell application. This paper analyzes the crystallization of a-Si:H via excimer laser annealing (ELA) and compared this process with conventional thermal annealing. The fifth paper reports the contact mechanism between Ag-Al and Si and the change in contact resistance (Rc) by varying the firing profile. Rc was measured by varying the belt speed and peak temperature of the fast-firing furnace. The sixth paper reports a silicon tandem heterojunction solar cell based on a ZnO/Cu2O subcell and a c-Si bottom subcell using electro-optical numerical modeling. The buffer layer affinity and mobility together with a low conduction band offset for the heterojunction are discussed, as well as spectral properties of the device model. 606 $aHistory of engineering and technology$2bicssc 610 $aAg/Al paste 610 $aAl:ZnO (AZO) 610 $aamorphous hydrogenated silicon film 610 $aatomic force microscopy (AFM) 610 $acarrier selective contact 610 $acontact formation 610 $acrystallinity 610 $adegradation degree 610 $adoping process 610 $adouble-diode model 610 $aexcimer laser annealing 610 $afailure rate 610 $afill factor loss analysis 610 $aFourier-transform infrared (FTIR) spectroscopy 610 $ametallization 610 $aN-doped Cu2O absorber layer 610 $aN-type bifacial solar cells 610 $anumerical electro-optical modeling 610 $ap+ emitter 610 $aparasitic resistance 610 $apassivation 610 $aPERC 610 $arear emitter heterojunction 610 $arecombination current density 610 $ascanning electron microscopy (SEM) 610 $aselective emitter 610 $asilicon tandem heterojunction solar cell 610 $asolar cell 610 $aspectroscopic ellipsometry (SE) 610 $asurface morphology 610 $atemperature dependence 610 $athermal annealing 610 $aX-ray diffraction (XRD) 615 7$aHistory of engineering and technology 700 $aCho$b Eun-Chel$4edt$01328657 702 $aLee$b Hae-Seok$4edt 702 $aCho$b Eun-Chel$4oth 702 $aLee$b Hae-Seok$4oth 906 $aBOOK 912 $a9910557142603321 996 $aHigh-Efficiency Crystalline Silicon Solar Cells$93038787 997 $aUNINA